[Event "67514 II. Rakosmente Open"]
[Site "Budapest, Hungary"]
[Date "2012.04.13"]
[Round "1.1"]
[White "Szepes, Tamas"]
[Black "Safar, Istvan"]
[Result "1-0"]
[WhiteElo "2194"]
[BlackElo "1793"]
[PlyCount "73"]
[EventDate "2012.??.??"]

1. d4 d5 2. c4 c6 3. cxd5 cxd5 4. Nc3 Nc6 5. Bf4 a6 6. e3 Nf6 7. Nf3 Nh5 8. Be5
f6 9. Bg3 g6 10. Bd3 Bg7 11. Rc1 Nxg3 12. hxg3 Be6 13. Nh4 Bf7 14. a3 Rc8 15.
Na4 O-O 16. Nc5 Qa5+ 17. Kf1 Rc7 18. Rc3 b5 19. b4 Qb6 20. Qg4 Nb8 21. Qh3 f5
22. Nxf5 h5 23. Nxg7 Kxg7 24. g4 Rh8 25. Qg3 Kg8 26. gxh5 Nd7 27. Nxd7 Rxd7 28.
Bxg6 Bxg6 29. Rc8+ Kg7 30. Rxh8 Kxh8 31. hxg6+ Kg7 32. Qf4 Qxg6 33. Rh3 Qb1+
34. Ke2 Rd6 35. Qe5+ Rf6 36. Qxe7+ Rf7 37. Rg3+ 1-0

[Event "67514 II. Rakosmente Open"]
[Site "Budapest, Hungary"]
[Date "2012.04.13"]
[Round "1.2"]
[White "Barla, Janos"]
[Black "Mihok, Laszlo"]
[Result "0-1"]
[WhiteElo "1792"]
[BlackElo "2174"]
[PlyCount "98"]
[EventDate "2012.??.??"]

1. e4 e5 2. f4 exf4 3. Nf3 h6 4. d4 g5 5. c4 d6 6. Qb3 Bg7 7. h3 Nf6 8. Nc3 Nh5
9. Ne2 Qe7 10. Qc2 O-O 11. Bd2 Re8 12. Nc3 Ng3 13. Rg1 Nxe4 14. O-O-O Nxd2 15.
Rxd2 c6 16. Bd3 Nd7 17. Re1 Qd8 18. Rxe8+ Qxe8 19. Re2 Qd8 20. Qd2 Nf8 21. Bc2
Bd7 22. Ne4 Be8 23. c5 dxc5 24. Nxc5 b6 25. Nb3 Qf6 26. Qe1 Bd7 27. Ne5 Bf5 28.
Qd2 Rc8 29. Kb1 a5 30. a3 Bxc2+ 31. Qxc2 c5 32. dxc5 a4 33. Nd2 Rxc5 34. Ndc4
b5 35. Ng4 Qc6 36. Nge5 Bxe5 37. Rxe5 Rxc4 38. Qd2 Ne6 39. h4 Rc5 40. Re1 Qd5
41. Qa5 Qd3+ 42. Ka1 Kg7 43. hxg5 hxg5 44. Qa7 Qb3 45. Qd7 Rc2 46. Rb1 b4 47.
Qd6 bxa3 48. Qe5+ f6 49. Qd6 axb2+ 0-1

[Event "67514 II. Rakosmente Open"]
[Site "Budapest, Hungary"]
[Date "2012.04.13"]
[Round "1.3"]
[White "Zalai, Mihaly"]
[Black "Czimer, Jozsef"]
[Result "1-0"]
[WhiteElo "2162"]
[BlackElo "1767"]
[PlyCount "83"]
[EventDate "2012.??.??"]

1. d4 Nf6 2. Bg5 e6 3. Nf3 c5 4. c3 b6 5. e3 Bb7 6. Bd3 Be7 7. O-O O-O 8. Nbd2
d5 9. Ne5 Nfd7 10. Bxe7 Qxe7 11. f4 f5 12. c4 Nxe5 13. dxe5 Na6 14. cxd5 exd5
15. Qe2 Nc7 16. Rf3 a5 17. Rh3 Ba6 18. g4 Bxd3 19. Qxd3 Qe6 20. Nf3 Qg6 21. Rg3
fxg4 22. Qxg6 hxg6 23. Rxg4 b5 24. Nh4 Ra6 25. Nxg6 Re8 26. f5 Kf7 27. Kf2 Rxg6
28. fxg6+ Ke6 29. h4 Kxe5 30. h5 Ne6 31. Kg3 Rf8 32. Rh1 Rg8 33. Rf1 Rh8 34.
Kh4 b4 35. b3 Ra8 36. Rf7 a4 37. h6 axb3 38. axb3 gxh6 39. g7 Rg8 40. Kh5 Ng5
41. Rc7 Kd6 42. Ra7 1-0

[Event "67514 II. Rakosmente Open"]
[Site "Budapest, Hungary"]
[Date "2012.04.13"]
[Round "1.4"]
[White "Csermely, Zoltan"]
[Black "Kun, Sandor"]
[Result "1/2-1/2"]
[WhiteElo "1748"]
[BlackElo "2071"]
[PlyCount "68"]
[EventDate "2012.??.??"]

1. d4 Nf6 2. e3 g6 3. Nf3 Bg7 4. c4 O-O 5. Bd3 d5 6. cxd5 Nxd5 7. e4 Nb6 8. Be2
Nc6 9. Be3 Bg4 10. Nbd2 Qd7 11. Bb5 a6 12. Bxc6 Qxc6 13. Rc1 Qd6 14. O-O Rad8
15. h3 Bc8 16. Qc2 c6 17. d5 cxd5 18. Bc5 Qe6 19. exd5 Nxd5 20. Rfe1 Qd7 21.
Nc4 Rfe8 22. Rcd1 e6 23. Bb6 Nxb6 24. Rxd7 Nxd7 25. Nd6 Rf8 26. Qc7 Nf6 27.
Nxc8 Rxc8 28. Qxb7 Ra8 29. Re2 Nd5 30. b3 a5 31. g3 Rfb8 32. Qd7 Rd8 33. Qc6
Rdc8 34. Qd7 Rd8 1/2-1/2

[Event "67514 II. Rakosmente Open"]
[Site "Budapest, Hungary"]
[Date "2012.04.13"]
[Round "1.5"]
[White "Yip, Michael"]
[Black "Szoukup, Istvan"]
[Result "1-0"]
[WhiteElo "2017"]
[BlackElo "1739"]
[PlyCount "105"]
[EventDate "2012.??.??"]

1. d4 Nf6 2. c4 g6 3. Nc3 d5 4. Nf3 Bg7 5. Qb3 dxc4 6. Qxc4 O-O 7. e4 a6 8. Qb3
c5 9. dxc5 Qa5 10. Qb6 Nc6 11. Qxa5 Nxa5 12. Bd2 Nc6 13. Be2 Bg4 14. O-O-O Rfd8
15. Be3 e5 16. h3 Bxf3 17. Bxf3 Nd4 18. Kb1 Rac8 19. Na4 Kf8 20. Rc1 Nd7 21.
Rhd1 Ke8 22. Bxd4 exd4 23. e5 Nxe5 24. Bxb7 Rc7 25. Bxa6 Rb8 26. b3 Ra7 27. c6
Rxa6 28. c7 Rc8 29. Rxd4 Rc6 30. Re1 Re6 31. Nc5 Rxc7 32. Nxe6 fxe6 33. Rde4
Nd3 34. Rf1 Ke7 35. Rc4 Rxc4 36. bxc4 Ne5 37. Rc1 Nd3 38. Rf1 Ne5 39. Kc2 Nxc4
40. Kd3 Ne5+ 41. Ke4 Nc4 42. Rc1 Nd6+ 43. Kd3 Kd7 44. Rc5 Nb7 45. Rc4 Nd6 46.
Rb4 Kc7 47. g4 Nb7 48. g5 Nc5+ 49. Ke3 Bf8 50. Rh4 Be7 51. Rxh7 Kd6 52. h4 Ke5
53. Rxe7 1-0

[Event "67514 II. Rakosmente Open"]
[Site "Budapest, Hungary"]
[Date "2012.04.13"]
[Round "1.6"]
[White "Indig, Akos"]
[Black "Ladanyi, Gyula"]
[Result "0-1"]
[WhiteElo "1360"]
[BlackElo "1960"]
[PlyCount "78"]
[EventDate "2012.??.??"]

1. e4 e5 2. Nf3 Nc6 3. d4 exd4 4. Nxd4 Bc5 5. Be3 Bb6 6. Nc3 Nge7 7. Bc4 O-O 8.
Bb3 d6 9. Qd2 Na5 10. O-O-O a6 11. f4 Bg4 12. Rdf1 c5 13. Nde2 Nxb3+ 14. cxb3
Rc8 15. h3 Bxe2 16. Qxe2 Nc6 17. Kb1 Qe7 18. Ka1 Ba5 19. Qc2 Rfe8 20. f5 Bxc3
21. bxc3 Qxe4 22. Qxe4 Rxe4 23. Re1 Rce8 24. Bd2 Kf8 25. c4 Re2 26. Rxe2 Rxe2
27. Bf4 Ke7 28. g4 b5 29. Rd1 Nd4 30. Kb1 g6 31. fxg6 fxg6 32. Bg3 Ke6 33. Re1
Rxe1+ 34. Bxe1 d5 35. cxb5 axb5 36. Bf2 Ke5 37. Bxd4+ Kxd4 38. a4 bxa4 39. bxa4
Kc4 0-1

[Event "67514 II. Rakosmente Open"]
[Site "Budapest, Hungary"]
[Date "2012.04.13"]
[Round "1.10"]
[White "Somogyi, Kristof"]
[Black "Somogyi, Akos"]
[Result "1/2-1/2"]
[WhiteElo "1323"]
[BlackElo "1289"]
[PlyCount "29"]
[EventDate "2012.??.??"]

1. e4 c5 2. Nf3 Nc6 3. Bb5 a6 4. Bxc6 bxc6 5. d4 Nf6 6. Nc3 e6 7. d5 cxd5 8.
exd5 Bb7 9. Bg5 Be7 10. O-O O-O 11. Qd3 Nxd5 12. Nxd5 Bxd5 13. Bxe7 Qxe7 14. c4
Bxf3 15. Qxf3 1/2-1/2

[Event "67514 II. Rakosmente Open"]
[Site "Budapest, Hungary"]
[Date "2012.04.14"]
[Round "2.1"]
[White "Ladanyi, Gyula"]
[Black "Szepes, Tamas"]
[Result "0-1"]
[WhiteElo "1960"]
[BlackElo "2194"]
[PlyCount "32"]
[EventDate "2012.??.??"]

1. d4 d5 2. g3 e6 3. Bg2 Nf6 4. Nf3 Be7 5. O-O O-O 6. c4 dxc4 7. Ne5 Nc6 8.
Nxc6 bxc6 9. e3 Nd5 10. Qa4 c5 11. dxc5 Bxc5 12. Qxc4 Qd6 13. Rd1 Ba6 14. Qa4
Qb6 15. Na3 Rad8 16. Nc2 Nc3 0-1

[Event "67514 II. Rakosmente Open"]
[Site "Budapest, Hungary"]
[Date "2012.04.14"]
[Round "2.2"]
[White "Sulcz, Istvan"]
[Black "Zalai, Mihaly"]
[Result "1/2-1/2"]
[WhiteElo "1922"]
[BlackElo "2162"]
[PlyCount "23"]
[EventDate "2012.??.??"]

1. Nf3 d5 2. d4 Nf6 3. c4 dxc4 4. e3 e6 5. Bxc4 a6 6. O-O c5 7. a4 Nc6 8. Nc3
Bd7 9. Qe2 Be7 10. dxc5 Bxc5 11. e4 e5 12. Bxf7+ 1/2-1/2

[Event "67514 II. Rakosmente Open"]
[Site "Budapest, Hungary"]
[Date "2012.04.14"]
[Round "2.3"]
[White "Szurkos, Andras"]
[Black "Yip, Michael"]
[Result "0-1"]
[WhiteElo "1800"]
[BlackElo "2017"]
[PlyCount "100"]
[EventDate "2012.??.??"]

1. e4 d6 2. d4 Nf6 3. Nc3 Nbd7 4. f4 e5 5. fxe5 dxe5 6. dxe5 Nxe5 7. Qxd8+ Kxd8
8. Bg5 c6 9. Nf3 Bd6 10. O-O-O Ke7 11. Be2 Bc7 12. h3 h6 13. Bxf6+ Kxf6 14.
Rhf1 Ke7 15. Nh4 g6 16. Bd3 Be6 17. a3 Rad8 18. Ne2 Bb6 19. g4 h5 20. Nf3 Nxf3
21. Rxf3 hxg4 22. hxg4 Bxg4 23. Rg3 Be6 24. Nf4 Bc7 25. Nxe6 Bxg3 26. Nxd8 Rxd8
27. Kd2 Be5 28. c3 Rh8 29. Rf1 Rh2+ 30. Be2 g5 31. Kd3 f6 32. b3 Kd6 33. b4 b5
34. Rd1 Ke7 35. Rf1 Rh3+ 36. Rf3 Rh8 37. c4 g4 38. Rf1 g3 39. cxb5 cxb5 40. Rg1
Rd8+ 41. Kc2 a6 42. Rg2 Rc8+ 43. Kd2 Rc3 44. a4 bxa4 45. Bxa6 Rb3 46. Bd3 Rxb4
47. Kc1 a3 48. Bb1 Bf4+ 49. Kc2 Rb2+ 50. Kd3 Rxg2 0-1

[Event "67514 II. Rakosmente Open"]
[Site "Budapest, Hungary"]
[Date "2012.04.14"]
[Round "2.4"]
[White "Kun, Sandor"]
[Black "Somogyi, Kristof"]
[Result "1-0"]
[WhiteElo "2071"]
[BlackElo "1323"]
[PlyCount "79"]
[EventDate "2012.??.??"]

1. e4 e5 2. Nf3 Nc6 3. Bc4 h6 4. d4 Bd6 5. d5 Nb8 6. Nc3 Nf6 7. h3 O-O 8. Be3
b6 9. Qd2 Bc5 10. Bxh6 Nh5 11. g4 Nf4 12. Bxf4 exf4 13. Qxf4 Bd6 14. Qd2 Na6
15. O-O-O Nc5 16. g5 Re8 17. Rde1 c6 18. g6 Rf8 19. gxf7+ Kh8 20. e5 cxd5 21.
Bxd5 Bb7 22. exd6 Bxd5 23. Qxd5 Qf6 24. Re8 Rfxe8 25. fxe8=Q+ Rxe8 26. Qh5+ Kg8
27. Qxe8+ Kh7 28. Qh5+ Kg8 29. Re1 Qf4+ 30. Kb1 Ne6 31. Ng5 Nxg5 32. Re8+ Qf8
33. Rxf8+ Kxf8 34. Qxg5 a5 35. Qe7+ Kg8 36. Qxd7 Kh8 37. Qf7 Kh7 38. d7 Kh6 39.
d8=R Kh7 40. Qh5# 1-0

[Event "67514 II. Rakosmente Open"]
[Site "Budapest, Hungary"]
[Date "2012.04.14"]
[Round "2.5"]
[White "Somogyi, Akos"]
[Black "Palla, Akos Botond"]
[Result "0-1"]
[WhiteElo "1289"]
[BlackElo "1957"]
[PlyCount "120"]
[EventDate "2012.??.??"]

1. e4 c5 2. Nf3 d6 3. d4 cxd4 4. Nxd4 Nf6 5. Nc3 g6 6. Be2 Bg7 7. O-O Nc6 8.
Nb3 O-O 9. Be3 a5 10. a4 Be6 11. Nd2 d5 12. Bc5 Rc8 13. Kh1 b6 14. Ba3 Nb4 15.
e5 Nd7 16. f4 Nxc2 17. Qxc2 d4 18. f5 Bxf5 19. Rxf5 gxf5 20. Qxf5 Nxe5 21. Nce4
Ng6 22. Bh5 Rc6 23. Nf3 Qc7 24. b3 Rd8 25. Nfg5 e6 26. Nf6+ Bxf6 27. Qxf6 e5
28. Qf5 Qd7 29. Qxd7 Rxd7 30. Bxg6 hxg6 31. Rf1 Rc3 32. Ne4 Rdc7 33. Nxc3 Rxc3
34. Rf3 Rc2 35. Kg1 e4 36. Rf2 Rc3 37. Bb2 Rd3 38. Re2 f5 39. Kf1 Rd1+ 40. Re1
Rd2 41. Re2 Rd1+ 42. Kf2 d3 43. Re1 Rd2+ 44. Kf1 Rxb2 45. Rd1 Rxb3 46. Ke1 Kg7
47. Rc1 Kf6 48. g3 Ke5 49. Kd2 Kd4 50. Rc6 e3+ 51. Kc1 Rc3+ 52. Rxc3 Kxc3 53.
Kd1 e2+ 54. Ke1 Kc2 55. h3 d2+ 56. Kxe2 d1=Q+ 57. Ke3 Qd3+ 58. Kf4 Qe4+ 59. Kg5
Kd3 60. g4 f4 0-1

[Event "67514 II. Rakosmente Open"]
[Site "Budapest, Hungary"]
[Date "2012.04.14"]
[Round "2.7"]
[White "Safar, Istvan"]
[Black "Indig, Akos"]
[Result "1-0"]
[WhiteElo "1793"]
[BlackElo "1360"]
[PlyCount "105"]
[EventDate "2012.??.??"]

1. e4 e5 2. Bc4 Nf6 3. d3 Bc5 4. Nf3 Nc6 5. a3 d6 6. h3 O-O 7. Bg5 h6 8. Bh4
Be6 9. Nbd2 a6 10. O-O b5 11. Bb3 Qe7 12. c3 Bb6 13. Re1 Rad8 14. Qc2 Nb8 15.
d4 Bxb3 16. Nxb3 Nbd7 17. Rad1 c6 18. c4 c5 19. d5 Rfe8 20. Nbd2 Nf8 21. Bg3
Ng6 22. Nh4 Nh5 23. Nxg6 fxg6 24. Bh2 Qf6 25. b3 Rf8 26. Nf3 Nf4 27. Re3 b4 28.
a4 Rd7 29. Ne1 Rdf7 30. Bxf4 exf4 31. Rf3 g5 32. g4 h5 33. Ng2 hxg4 34. hxg4
Qh6 35. Qd3 Qg6 36. Re1 Re8 37. Rh3 Qf6 38. f3 Qd4+ 39. Qxd4 cxd4 40. Kf1 Rf6
41. Ke2 Rh6 42. Reh1 Rxh3 43. Rxh3 g6 44. Kd3 Kg7 45. Ne1 Rh8 46. Rxh8 Kxh8 47.
Nc2 Kg7 48. Nxb4 a5 49. Nc2 Kf7 50. Nxd4 Bxd4 51. Kxd4 Ke7 52. c5 dxc5+ 53.
Kxc5 1-0

[Event "67514 II. Rakosmente Open"]
[Site "Budapest, Hungary"]
[Date "2012.04.14"]
[Round "2.8"]
[White "Szoukup, Istvan"]
[Black "Barla, Janos"]
[Result "0-1"]
[WhiteElo "1739"]
[BlackElo "1792"]
[PlyCount "142"]
[EventDate "2012.??.??"]

1. e4 d6 2. d4 Nf6 3. Nc3 a6 4. Nf3 e6 5. Be2 Be7 6. O-O c6 7. Bg5 h6 8. Bh4
Qc7 9. h3 e5 10. Re1 O-O 11. Bg3 Nbd7 12. Bf1 Nh5 13. Bh2 Nf4 14. Bxf4 exf4 15.
Qd2 g5 16. h4 Bf6 17. g3 fxg3 18. hxg5 gxf2+ 19. Kxf2 hxg5 20. Nxg5 Qd8 21. Nf3
Bh4+ 22. Nxh4 Qxh4+ 23. Kg1 Nf6 24. Qg2+ Bg4 25. e5 dxe5 26. dxe5 Nh5 27. Re4
f5 28. exf6 Nxf6 29. Rf4 Kh8 30. Bc4 Rad8 31. Be6 Qg5 32. Raf1 Rd2 33. Qxg4
Qc5+ 34. Kh1 Rh2+ 35. Kxh2 Nxg4+ 36. Bxg4 Qd6 37. Kg3 Kg7 38. Ne2 Qe5 39. c3 c5
40. Kg2 Rxf4 41. Nxf4 Qe4+ 42. Kg3 Qe3+ 43. Rf3 Qe1+ 44. Rf2 Kh6 45. Nd3 Qg1+
46. Kf4 c4 47. Rf3 cxd3 48. Rh3+ Kg7 49. Rxd3 Qc1+ 50. Ke5 Qg5+ 51. Bf5 Qf6+
52. Ke4 Qh4+ 53. Ke5 Qh2+ 54. Ke4 Kf6 55. Bd7 Qe5+ 56. Kf3 Kg5 57. Rd4 Qf6+ 58.
Kg3 Qe5+ 59. Kf3 Qa5 60. a4 Qb6 61. b4 Qf6+ 62. Kg3 Qe5+ 63. Kf3 Qh2 64. Ke3
Qg3+ 65. Kd2 Kf6 66. Kc2 Ke5 67. a5 Qf2+ 68. Kb3 Qf1 69. Bg4 Qb1+ 70. Kc4 Qf1+
71. Kc5 Qb5# 0-1

[Event "67514 II. Rakosmente Open"]
[Site "Budapest, Hungary"]
[Date "2012.04.14"]
[Round "3.1"]
[White "Szepes, Tamás"]
[Black "Yip, Michael"]
[Result "1/2-1/2"]
[WhiteElo "1960"]
[BlackElo "2194"]
[PlyCount "40"]
[EventDate "2012.??.??"]

1. d4 d6 2. c4 e5 3. dxe5 dxe5 4. Qxd8+ Kxd8 5. Nf3 f6 6. g3 Be6 7. b3 Bb4+ 8.
Bd2 Bxd2+ 9. Nbxd2 Nd7 10. Rd1 c6 11. Ne4 Kc7 12. Bg2 Ne7 13. O-O a5 14. Rd6
Bf5 15. Rfd1 Rhd8 16. Nc3 Nc5 17. Rxd8 Rxd8 18. Rxd8 Kxd8 19. Nd2 Kc7 20. Kf1
Nc8 1/2-1/2

[Event "67514 II. Rakosmente Open"]
[Site "Budapest, Hungary"]
[Date "2012.04.14"]
[Round "3.2"]
[White "Mihok, Laszlo"]
[Black "Sulcz, Istvan"]
[Result "1-0"]
[WhiteElo "2174"]
[BlackElo "1922"]
[PlyCount "41"]
[EventDate "2012.??.??"]

1. d4 Nf6 2. Bg5 d5 3. e3 g6 4. Bxf6 exf6 5. c4 c6 6. Nc3 Be6 7. Qb3 Nd7 8.
cxd5 cxd5 9. Nge2 Bd6 10. g3 O-O 11. Bg2 Nb6 12. O-O h5 13. a4 a5 14. Nb5 Bb4
15. Nf4 Nc4 16. Rfc1 g5 17. Nxd5 Nb6 18. Nbc7 Kg7 19. Nxe6+ fxe6 20. Nxb4 axb4
21. Qxe6 1-0

[Event "67514 II. Rakosmente Open"]
[Site "Budapest, Hungary"]
[Date "2012.04.14"]
[Round "3.4"]
[White "Palla, Akos Botond"]
[Black "Kun, Sandor"]
[Result "1-0"]
[WhiteElo "1957"]
[BlackElo "2071"]
[PlyCount "45"]
[EventDate "2012.??.??"]

1. e4 e5 2. Nf3 Nc6 3. Bb5 a6 4. Ba4 b5 5. Bb3 Nf6 6. O-O Be7 7. Re1 d6 8. c3
O-O 9. h3 Be6 10. Bc2 h6 11. d4 exd4 12. cxd4 Nb4 13. d5 Nxc2 14. Qxc2 Bd7 15.
Nd4 Qc8 16. Nd2 Re8 17. b4 Bf8 18. Bb2 Qb7 19. N2b3 Rac8 20. Rac1 Qb6 21. Na5
Re7 22. Ndc6 Ree8 23. Bd4 1-0

[Event "67514 II. Rakosmente Open"]
[Site "Budapest, Hungary"]
[Date "2012.04.14"]
[Round "3.5"]
[White "Safar, Istvan"]
[Black "Ladanyi, Gyula"]
[Result "1/2-1/2"]
[WhiteElo "1793"]
[BlackElo "1960"]
[PlyCount "63"]
[EventDate "2012.??.??"]

1. d4 Nf6 2. Nf3 g6 3. g3 Bg7 4. c3 d6 5. Bg2 O-O 6. O-O c5 7. Bg5 Nbd7 8. Nbd2
h6 9. Bxf6 Nxf6 10. Re1 Qb6 11. b3 cxd4 12. cxd4 Bd7 13. Rc1 Bc6 14. e3 Rac8
15. Nc4 Qa6 16. Re2 b5 17. Nb2 Rfd8 18. Nd3 Qb7 19. Rec2 Be4 20. Nfe1 Rxc2 21.
Qxc2 Bxg2 22. Nxg2 Qe4 23. Nge1 e5 24. Qc7 Rd7 25. Qb8+ Kh7 26. dxe5 dxe5 27.
Qxe5 Qg4 28. Qxb5 Qe2 29. Rc2 Qd1 30. Rc1 Qd2 31. Rc2 Qd1 32. Rc1 1/2-1/2

[Event "67514 II. Rakosmente Open"]
[Site "Budapest, Hungary"]
[Date "2012.04.14"]
[Round "3.6"]
[White "Barla, Janos"]
[Black "Szurkos, Andras"]
[Result "0-1"]
[WhiteElo "1792"]
[BlackElo "1800"]
[PlyCount "90"]
[EventDate "2012.??.??"]

1. e4 e5 2. f4 d5 3. exd5 e4 4. Nc3 Nf6 5. d3 Bb4 6. Bd2 O-O 7. a3 Bxc3 8. bxc3
Qxd5 9. c4 Qe6 10. d4 e3 11. Bc3 Qe4 12. Ne2 Ng4 13. Ng3 Qxf4 14. Qf3 Qh6 15.
Nf5 Bxf5 16. Qxf5 Nf2 17. Rg1 Qxh2 18. d5 Qxg1 19. Bxg7 Nd3+ 20. Ke2 Qf2+ 21.
Qxf2 Nxf2 22. Bxf8 Kxf8 23. Kxe3 Ng4+ 24. Kf4 Nf6 25. Kf5 Nbd7 26. a4 Re8 27.
a5 Re5+ 28. Kf4 Nh5+ 29. Kf3 f5 30. Bd3 Ke7 31. Rh1 Ndf6 32. Rb1 b6 33. axb6
axb6 34. Rb5 Nd7 35. Rb1 Nc5 36. Rh1 Nf6 37. Kf4 Nxd3+ 38. cxd3 Re2 39. Kf3 Rd2
40. Re1+ Kf7 41. Re6 Rxd3+ 42. Kf4 Rd4+ 43. Kxf5 Ng8 44. Rc6 Ne7+ 45. Ke5 Nxc6+
0-1

[Event "67514 II. Rakosmente Open"]
[Site "Budapest, Hungary"]
[Date "2012.04.14"]
[Round "3.8"]
[White "Csermely, Zoltan"]
[Black "Szoukup, Istvan"]
[Result "1-0"]
[WhiteElo "1748"]
[BlackElo "1739"]
[PlyCount "119"]
[EventDate "2012.??.??"]

1. d4 Nf6 2. e3 g6 3. Bd3 d5 4. f4 Bg7 5. Nf3 O-O 6. O-O b6 7. Bd2 Bb7 8. Be1
Nbd7 9. Nbd2 c5 10. c3 a6 11. Bh4 Ne4 12. Bxe4 dxe4 13. Ng5 f5 14. Ne6 Qe8 15.
Nxf8 Qxf8 16. Qb3+ Kh8 17. Qe6 Qe8 18. Qxe7 Qxe7 19. Bxe7 Re8 20. Bh4 b5 21. a4
b4 22. a5 Bc6 23. Rfc1 Bb5 24. c4 Bc6 25. Nb3 Bb7 26. Rc2 Rc8 27. d5 Kg8 28.
Be7 Kf7 29. Bd6 Bf6 30. h3 Bg7 31. g4 Bf6 32. g5 Bg7 33. Ra4 Ba8 34. Kf2 Bb7
35. Kg3 Ba8 36. Ra2 Bb7 37. Rh2 Ba8 38. h4 Bb7 39. Ra1 Kg8 40. h5 Ba8 41. hxg6
hxg6 42. Rah1 Bb7 43. Rh7 Ba8 44. Nc1 Bb7 45. b3 Ba8 46. Ne2 Bb7 47. Kf2 Ba8
48. Ke1 Bb7 49. Kd2 Ba8 50. Ng3 Bb7 51. Ne2 Ba8 52. Kc2 Bb7 53. Be5 Nxe5 54.
fxe5 Re8 55. e6 Bc8 56. Nf4 Rd8 57. Nxg6 Bxe6 58. dxe6 Rd3 59. e7 Rc3+ 60. Kd2
1-0

[Event "67514 II. Rakosmente Open"]
[Site "Budapest, Hungary"]
[Date "2012.04.14"]
[Round "4.1"]
[White "Mihok, Laszlo"]
[Black "Szepes, Tamas"]
[Result "0-1"]
[WhiteElo "2174"]
[BlackElo "2194"]
[PlyCount "56"]
[EventDate "2012.??.??"]

1. d4 d5 2. c4 e6 3. Nc3 Nf6 4. cxd5 exd5 5. Bg5 Be7 6. e3 c6 7. Qc2 O-O 8. Bd3
Nbd7 9. Nf3 Re8 10. O-O h6 11. Bf4 Nf8 12. h3 Bd6 13. Bxd6 Qxd6 14. Ne5 c5 15.
b3 Ne6 16. Nf3 b6 17. Rfd1 Bb7 18. Rac1 Rac8 19. Nb5 Qb8 20. dxc5 bxc5 21. Qb1
a6 22. Na3 d4 23. Be2 dxe3 24. fxe3 Qg3 25. Qb2 Ng5 26. Rf1 Nxh3+ 27. Kh1 Ng4
28. gxh3 Qh2# 0-1

[Event "67514 II. Rakosmente Open"]
[Site "Budapest, Hungary"]
[Date "2012.04.14"]
[Round "4.2"]
[White "Yip, Michael"]
[Black "Palla, Akos Botond"]
[Result "1-0"]
[WhiteElo "2017"]
[BlackElo "1957"]
[PlyCount "105"]
[EventDate "2012.??.??"]

1. d4 d5 2. c4 e6 3. Nc3 Nf6 4. Bg5 Nbd7 5. Nf3 c6 6. cxd5 exd5 7. e3 Be7 8.
Bd3 Ne4 9. Bxe7 Qxe7 10. Qc2 f5 11. O-O O-O 12. Rab1 g6 13. b4 Nxc3 14. Qxc3 f4
15. Rbe1 fxe3 16. Rxe3 Qf6 17. Rfe1 Nb6 18. Qc2 Bd7 19. Ne5 Bf5 20. Rf3 Bxd3
21. Qxd3 Qd6 22. Rg3 Rf6 23. Ng4 Re6 24. Re5 Rxe5 25. dxe5 Qe6 26. f4 Kh8 27.
Qd4 Nd7 28. Nh6 Rf8 29. h3 b6 30. Rd3 Kg7 31. Ng4 h5 32. Nf2 g5 33. Rg3 Rf5 34.
h4 g4 35. Rd3 Rf8 36. g3 Rd8 37. Nd1 Kh6 38. Ne3 Kh7 39. Ra3 Ra8 40. b5 cxb5
41. Nxd5 a6 42. Rd3 Nc5 43. Nf6+ Kh6 44. Qd6 Qxa2 45. Nxg4+ Kh7 46. Qh6+ Kg8
47. Nf6+ Kf7 48. Qh7+ Kf8 49. Nd7+ Nxd7 50. Qxd7 Qb1+ 51. Kf2 Qc2+ 52. Kf3 b4
53. Qf5+ 1-0

[Event "67514 II. Rakosmente Open"]
[Site "Budapest, Hungary"]
[Date "2012.04.14"]
[Round "4.3"]
[White "Kun, Sandor"]
[Black "Szurkos, Andras"]
[Result "0-1"]
[WhiteElo "2071"]
[BlackElo "1800"]
[PlyCount "46"]
[EventDate "2012.??.??"]

1. e4 e5 2. Nf3 f5 3. d4 fxe4 4. Nxe5 Nf6 5. Nc3 d5 6. Bg5 Bb4 7. Qd2 O-O 8.
O-O-O Nbd7 9. a3 Ba5 10. b4 Bb6 11. Nxd5 c6 12. Nxb6 Nxb6 13. Qe3 Nbd5 14. Bc4
Be6 15. Qb3 b5 16. Be2 Qd6 17. Qg3 a5 18. Bxf6 Rxf6 19. Ng4 Qf4+ 20. Kb2 Rg6
21. f3 axb4 22. axb4 Qf8 23. fxe4 Nf4 0-1

[Event "67514 II. Rakosmente Open"]
[Site "Budapest, Hungary"]
[Date "2012.04.14"]
[Round "4.4"]
[White "Ladanyi, Gyula"]
[Black "Csermely, Zoltan"]
[Result "0-1"]
[WhiteElo "1960"]
[BlackElo "1748"]
[PlyCount "68"]
[EventDate "2012.??.??"]

1. d4 Nf6 2. c4 e6 3. Nc3 d5 4. cxd5 exd5 5. e3 Bf5 6. Nf3 c6 7. Bd3 Bg6 8. O-O
Bd6 9. Re1 Bh5 10. e4 dxe4 11. Nxe4 O-O 12. Nxd6 Qxd6 13. Be2 Rd8 14. Be3 Nd5
15. Qb3 Nd7 16. Rac1 b5 17. a3 f6 18. Qc2 Rac8 19. b4 g5 20. h3 Nxe3 21. fxe3
Qg3 22. Bd1 g4 23. hxg4 Bxg4 24. Qf2 Qd6 25. Qh4 Be6 26. Bc2 Qe7 27. Kf2 Rf8
28. Rh1 Rf7 29. Be4 Bc4 30. Nd2 Nb6 31. Nxc4 bxc4 32. Rxc4 Re8 33. Qg3+ Kh8 34.
Bg6 Nxc4 0-1

[Event "67514 II. Rakosmente Open"]
[Site "Budapest, Hungary"]
[Date "2012.04.14"]
[Round "4.6"]
[White "Czimer, Jozsef"]
[Black "Safar, Istvan"]
[Result "0-1"]
[WhiteElo "1767"]
[BlackElo "1793"]
[PlyCount "158"]
[EventDate "2012.??.??"]

1. e4 c5 2. Nf3 Nc6 3. d4 cxd4 4. Nxd4 e5 5. Nb5 d6 6. N1c3 a6 7. Na3 Be6 8.
Nd5 Nge7 9. Nc4 Bxd5 10. exd5 Nb8 11. Be3 Nc8 12. Qd2 Be7 13. a4 O-O 14. a5 Nd7
15. Qb4 Rb8 16. Nb6 Ncxb6 17. axb6 f5 18. f3 f4 19. Bf2 Nf6 20. Bd3 Kh8 21. c4
Rc8 22. Bf5 Nxd5 23. cxd5 Rxf5 24. Kd2 Qg8 25. Qb3 Rff8 26. Qd3 Rfe8 27. Rhe1
Bf6 28. Re4 Qf7 29. g4 fxg3 30. hxg3 Rf8 31. Rg4 h6 32. Rh1 Be7 33. f4 Qf5 34.
Qxf5 Rxf5 35. Be3 e4 36. Bd4 Bf6 37. Bxf6 Rxf6 38. Rh5 Rc4 39. Ke3 Rb4 40. Rh2
Rxb6 41. Kxe4 Kh7 42. Rc2 Rf7 43. Rh4 Rb4+ 44. Kf3 Rf5 45. Rd2 b5 46. Kg2 a5
47. Rh1 a4 48. Re1 Rc4 49. Re6 Rf6 50. Re7 b4 51. Kf3 b3 52. Ree2 Rf7 53. Ke3
Re7+ 54. Kd3 Rxe2 55. Rxe2 Rc1 56. Re4 Rc2 57. Re2 Rc1 58. Re4 Rd1+ 59. Kc4 Rg1
60. Re3 Rg2 61. Kb4 Rxb2 62. Kxa4 Rb1 63. Ka3 Rd1 64. Kxb3 Rxd5 65. Kc4 Rd1 66.
Kc3 Kg6 67. Kc2 Rd5 68. Re7 Kf6 69. Re8 g6 70. Rh8 h5 71. Rf8+ Kg7 72. Re8 Kf7
73. Rh8 Ke6 74. Rf8 Rf5 75. Re8+ Kd5 76. Re3 Kc5 77. Kc3 d5 78. Re8 g5 79. fxg5
Rxg5 0-1

[Event "67514 II. Rakosmente Open"]
[Site "Budapest, Hungary"]
[Date "2012.04.14"]
[Round "4.7"]
[White "Somogyi, Kristof"]
[Black "Barla, Janos"]
[Result "0-1"]
[WhiteElo "1323"]
[BlackElo "1792"]
[PlyCount "72"]
[EventDate "2012.??.??"]

1. e4 d6 2. Nf3 Nf6 3. Nc3 c6 4. d4 Qc7 5. Bf4 Nbd7 6. Bc4 h6 7. O-O e5 8. dxe5
Nxe5 9. Re1 Nxc4 10. b3 Ne5 11. Nxe5 dxe5 12. Be3 Be7 13. a3 O-O 14. Qd2 Nh7
15. Na4 b6 16. c4 c5 17. Qd5 Bb7 18. Qd3 Bg5 19. Nc3 Bxe3 20. Rxe3 Ng5 21. Nd5
Qd6 22. Qc3 Rae8 23. Rb1 Ne6 24. b4 cxb4 25. Rxb4 Nd4 26. Kh1 Bxd5 27. exd5 f5
28. Re1 f4 29. Ra4 a5 30. c5 bxc5 31. Rxa5 f3 32. Kg1 Ne2+ 33. Rxe2 fxe2 34.
Rxc5 Qxc5 35. Qe1 Rxf2 36. h3 Rf1+ 0-1

[Event "67514 II. Rakosmente Open"]
[Site "Budapest, Hungary"]
[Date "2012.04.15"]
[Round "5.1"]
[White "Szepes, Tamas"]
[Black "Zalai, Mihaly"]
[Result "1/2-1/2"]
[WhiteElo "2194"]
[BlackElo "2162"]
[PlyCount "25"]
[EventDate "2012.??.??"]

1. d4 Nf6 2. c4 g6 3. Nc3 Bg7 4. e4 d6 5. Be2 O-O 6. Bg5 Nbd7 7. Qd2 e5 8. d5
a5 9. g4 Nc5 10. f3 h6 11. Be3 h5 12. h3 Qd7 13. g5 1/2-1/2